The Asphalt Handbook: MS-4 / (Record no. 1503)

000 -LEADER
fixed length control field 00430 a2200133 4500
082 ## - DEWEY DECIMAL CLASSIFICATION NUMBER
Classification number 625.85 ASP
082 04 - DEWEY DECIMAL CLASSIFICATION NUMBER
Classification number 625.85
Author Mark ASP
245 ## - TITLE STATEMENT
Title The Asphalt Handbook: MS-4 /
250 ## - EDITION STATEMENT
Edition statement 1989 ed.
260 ## - PUBLICATION, DISTRIBUTION, ETC.
Place of publication, distribution, etc. College Park, Md., USA :
Name of publisher, distributor, etc. Asphalt Institute,
Date of publication, distribution, etc. c1988.
300 ## - PHYSICAL DESCRIPTION
Extent xxxi, 608 p. :
Other physical details ill. ;
Dimensions 23 cm.
650 ## - SUBJECT ADDED ENTRY--TOPICAL TERM
Topical term or geographic name entry element Asphalt
General subdivision Handbooks, manuals, etc.
650 ## - SUBJECT ADDED ENTRY--TOPICAL TERM
Topical term or geographic name entry element Pavements, Asphalt
General subdivision Handbooks, manuals, etc.
830 #0 - SERIES ADDED ENTRY--UNIFORM TITLE
Uniform title Manual series (Asphalt Institute) ;
Holdings
Withdrawn status Lost status Damaged status Not for loan Permanent Location Current Location Shelving location Total Checkouts Full call number Barcode Date last seen Price effective from Koha item type Date acquired
        Central Library (CL) Central Library (CL)     625.85 ASP NIT-2489 01/05/2017 01/05/2017 Book  
        School of Civil and Environmental Engineering (SCEE) School of Civil and Environmental Engineering (SCEE)       NIT-2491 01/05/2017 01/05/2017 Book  
© 2023 Central Library, National University of Sciences and Technology. All Rights Reserved.